000 01258nam a2200349 i 4500
003 CO-BoRNBP
005 20230404140845.0
007 ta
008 221121s2022 ck a br 000 0 spa d
020 _a9789585367432
040 _aCO-BoRNBP
_bspa
_erda
_cCO-BoRNBP
041 0 _aspa
043 _ae-ne---
084 _aA ELA1
100 1 _aEland, Eva
_eautora
_9803
245 1 0 _aTristeza
_bmanual de usuario
_ctextos e ilustraciones Eva Eland ; traducción Verónica Taranilla
250 _aEdición especial
264 1 _aBogotá, Colombia
_bEdiciones Gaviota
_c2022
300 _a26 páginas sin numerar
_bilustraciones a color
_c24 cm
336 _atexto
_btxt
_2rdacontent
337 _asin mediación
_bn
_2rdamedia
338 _avolumen
_bnc
_2rdacarrier
490 0 _aPlan Nacional de Lectura y Escritura Leer es mi Cuento / Ministerio de Cultura
521 _aRecomendado para un público infantil mayor de 3 años
534 _tSadness: a user manual
650 1 7 _aÁlbumes infantiles holandeses
_2LEMB
_9804
650 1 7 _aLiteratura infantil holandesa
_2LEMB
_9805
650 1 7 _aTristeza en la literatura
_2LEMB
_9925
650 1 7 _aEmociones en la literatura
_2LEMB
_9891
700 1 _aTranilla, Verónica
_etraductora
_9926
942 _2ddc
_cBK
999 _c9332
_d9332